International Encyclopaedia of Education (Record no. 347167)
[ view plain ]
| 000 -LEADER | |
|---|---|
| fixed length control field | 00343 a2200133 4500 |
| 082 ## - DEWEY DECIMAL CLASSIFICATION NUMBER | |
| Classification number | 379.154 |
| 090 ## - LOCALLY ASSIGNED LC-TYPE CALL NUMBER (OCLC); LOCAL CALL NUMBER (RLIN) | |
| -- | 4735 |
| -- | 4735 |
| 100 ## - MAIN ENTRY--PERSONAL NAME | |
| Personal name | Monroe,Paul |
| 245 ## - TITLE STATEMENT | |
| Title | International Encyclopaedia of Education |
| Statement of responsibility, etc. | Paul Monroe |
| 260 ## - PUBLICATION, DISTRIBUTION, ETC. | |
| Place of publication, distribution, etc. | New Delhi |
| Name of publisher, distributor, etc. | Cosmo Publications |
| Date of publication, distribution, etc. | 1991 |
| 300 ## - PHYSICAL DESCRIPTION | |
| Extent | 370p |
| 500 ## - GENERAL NOTE | |
| General note | Hard cover |
| 942 ## - ADDED ENTRY ELEMENTS (KOHA) | |
| Institution code [OBSOLETE] | NBS |
| Koha item type | Book |
| Call number prefix | 379.154 MON |
| Withdrawn status | Lost status | Damaged status | Not for loan | Permanent Location | Current Location | Date acquired | Full call number | Barcode | Date last seen | Price effective from | Koha item type |
|---|---|---|---|---|---|---|---|---|---|---|---|
| Central Library (CL) | Central Library (CL) | 08/28/2013 | 379.154 MON | NBSD-342 | 08/28/2013 | 08/28/2013 | Reference | ||||
| Central Library (CL) | Central Library (CL) | 08/28/2013 | 379.154 MON | NBSD-338 | 08/28/2013 | 08/28/2013 | Reference | ||||
| Central Library (CL) | Central Library (CL) | 08/28/2013 | 379.154 MON | NBSD-339 | 08/28/2013 | 08/28/2013 | Reference | ||||
| Central Library (CL) | Central Library (CL) | 08/28/2013 | 379.154 MON | NBSD-337 | 08/28/2013 | 08/28/2013 | Reference | ||||
| Central Library (CL) | Central Library (CL) | 08/28/2013 | 379.154 MON | NBSD-344 | 08/28/2013 | 08/28/2013 | Reference | ||||
| Central Library (CL) | Central Library (CL) | 08/28/2013 | 379.154 MON | NBSD-336 | 08/28/2013 | 08/28/2013 | Reference | ||||
| Central Library (CL) | Central Library (CL) | 08/28/2013 | 379.154 MON | NBSD-343 | 08/28/2013 | 08/28/2013 | Reference | ||||
| Central Library (CL) | Central Library (CL) | 08/28/2013 | 379.154 MON | NBSD-345 | 08/28/2013 | 08/28/2013 | Reference | ||||
| Central Library (CL) | Central Library (CL) | 08/28/2013 | 379.154 MON | NBSD-340 | 08/28/2013 | 08/28/2013 | Reference |
